| 000 | 00821nam0a22002291 4500 | ||
|---|---|---|---|
| 001 | rc\2696393 | ||
| 005 | 20260408012134.0 | ||
| 035 | _a(NLR Aleph) 006824587 | ||
| 090 |
_a6479791 _c6479791 |
||
| 100 | _a20110915d1933 |||y0rusy50 ca | ||
| 101 | 0 | _arus | |
| 102 | _aRU | ||
| 105 | _ay z ||||| | ||
| 200 | 1 | _aВременное положение о дошкольном методическом кабинете | |
| 210 |
_a[Москва] _cУчпедгиз _d1933 _gтипо-лит. им. Воровского |
||
| 215 |
_a8 с. _d17х13 см. |
||
| 710 | 0 | 1 |
_aРСФСР _bНародный комиссариат просвещения _bДошкольный отдел _3RU\NLR\AUTH\8810174232 _9844532 |
| 801 | 0 |
_aRU _bNLR _gpsbo |
|
| 801 | 1 |
_aRU _bELAR _2rusmarc |
|
| 852 |
_aNLR _j33-9/1456 |
||
| 942 | _cBOOK | ||
| 980 | _aNB | ||